Statystyki dla Flagi państw, położonych nad Morzem Bałtyckim

Kliknij tutaj aby rozwiązać quiz!

Ogólne statystyki

  • Ten quiz został rozwiązany 82 razy
  • Średni wynik to 9 z 9

Statystyki odpowiedzi

Odpowiedź% Poprawnych
Dania
100%
Estonia
100%
Finlandia
100%
Niemcy
100%
Polska
100%
Rosja
100%
Szwecja
100%
Litwa
99%
Łotwa
96%

Rozkład punktacji

Percentyl według liczby udzielonych odpowiedzi

Procent ludzi z każdym wynikiem

Twoja historia wyników

Nie rozwiązałeś tego quizu